Diophantine geometry /

Guardado en:
Autor Principal: Lang, Serge, 1927-2005.
Formato: Libro
Idioma:English
Publicado: New York : Interscience Publishers, c1962.
Series:Interscience tracts in pure and applied mathematics ; no. 11
Etiquetas: Agregar Etiqueta
Sin Etiquetas, Sea el primero en etiquetar este registro!
LEADER 00523nam a22001575a 4500
001 MAT.inmabb001089
008 031120s1962####nyu###########000#0#eng#d
005 20130326201821.0
245 1 0 |a Diophantine geometry /  |c Serge Lang. 
260 |a New York :  |b Interscience Publishers,  |c c1962. 
300 |a x, 170 p. ;  |c 24 cm. 
440 0 |a Interscience tracts in pure and applied mathematics ;  |v no. 11 
510 4 |a MR,  |c 26 #119 
100 1 |a Lang, Serge,  |d 1927-2005. 
084 |a 11Gxx (14Gxx)  |2 msc2000 
859 |h 11  |i L269  |p A-1059  |b BIB. MATEMATICA